[Event "Jersey Brigade 2009 Invitational"]
[Date "2009.10.23"]
[EndDate "2009.12.19"]
[Round "1"]
[White "pint o guinness"]
[Black "Tomasino, James"]
[WhiteRating "1446"]
[BlackRating "1785"]
[WhiteElo "1446"]
[BlackElo "1785"]
[Result "0-1"]
[GameId "6824949"]

1. e4 e5 2. Ng1f3 Nb8c6 3. Bf1c4 Bf8c5 4. O-O Ng8f6 5. d3 O-O 6. a3 d5 7. exd5 Nf6xd5 8. b4 Bc5d4 9. Nf3xd4 Nc6xd4 10. Bc4xd5 Qd8xd5 11. Bc1b2 b6 12. Bb2xd4 Qd5xd4 13. Nb1d2 Bc8b7 14. Nd2e4 Bb7xe4 15. dxe4 Qd4xe4 16. Rf1e1 Qe4f5 17. h3 Ra8d8 18. Qd1e2 Rf8e8 19. c4 Rd8d3 20. Qe2e4 Qf5xe4 21. Re1xe4 f5 22. Re4e3 Rd3xe3 23. fxe3 Re8d8 24. Ra1f1 g6 25. g4 fxg4 26. hxg4 Rd8d3 27. e4 Rd3xa3 28. c5 Ra3g3 29. Kg1f2 Rg3xg4 30. Kf2e3 bxc5 31. bxc5 Rg4g3 32. Ke3e2 Rg3c3 33. Rf1d1 Rc3xc5 34. Rd1d7 a5 35. Rd7d5 Rc5xd5 36. exd5 Kg8f7 37. Ke2d3 Kf7e7 38. Kd3c4 Ke7d6 39. Kc4b5 Kd6xd5 40. Kb5xa5 g5 41. Ka5b4 g4 42. Kb4c3 g3 43. Kc3d2 g2 44. Kd2e2 g1=Q 0-1

[Event "RHP Coorespondance"]
[Date "2009.10.15"]
[EndDate "2009.10.30"]
[Round "?"]
[White "Lemieux, Christopher"]
[Black "Tomasino, James"]
[WhiteRating "1530"]
[BlackRating "1785"]
[WhiteElo "1530"]
[BlackElo "1785"]
[Result "0-1"]
[GameId "6797607"]

1. e4 c5 2. Ng1f3 d6 3. d4 cxd4 4. Nf3xd4 Ng8f6 5. Nb1c3 e6 6. g4 h6 7. h4 e5 8. Nd4f5 Nb8c6 9. g5 hxg5 10. Bc1xg5 Bc8xf5 11. exf5 Bf8e7 12. Bf1c4 Qd8d7 13. Bc4d3 O-O-O 14. h5 e4 15. Nc3xe4 Nf6xe4 16. Bd3xe4 Be7xg5 17. Qd1g4 d5 18. Ra1d1 Rd8e8 19. Rd1xd5 Qd7xd5 20. O-O Qd5xe4 21. Qg4xg5 Qe4f3 22. Qg5xg7 Rh8g8 23. Qg7g3 Rg8xg3 24. fxg3 Qf3xg3 25. Kg1h1 Re8g8 0-1

[Event "RHP Coorespondance"]
[Date "2009.09.27"]
[EndDate "2009.11.09"]
[Round "?"]
[White "Tomasino, James"]
[Black "ToniK"]
[WhiteRating "1785"]
[BlackRating "1180"]
[WhiteElo "1785"]
[BlackElo "1180"]
[Result "1-0"]
[GameId "6745330"]

1. e4 e5 2. Ng1f3 f5 3. Nf3xe5 Bf8d6 4. d4 Ng8f6 5. Bc1g5 O-O 6. Bf1c4 Rf8f7 7. Ne5xf7 Qd8e8 8. Nf7xd6 Qe8e6 9. Bc4xe6 dxe6 10. Nd6xc8 Nb8c6 11. e5 Nf6g4 12. Nc8e7 Kg8f7 13. Ne7xc6 bxc6 14. h3 h6 15. hxg4 a5 16. gxf5 exf5 17. Qd1h5 g6 18. Qh5xh6 Ra8g8 19. Qh6h7 Rg8g7 20. e6 Kf7xe6 21. Qh7xg7 Ke6d5 22. Qg7e5 Kd5c4 23. b3 Kc4b4 24. a3 1-0

[Event "RHP Coorespondance"]
[Date "2009.09.09"]
[EndDate "2009.09.25"]
[Round "?"]
[White "ToniK"]
[Black "Tomasino, James"]
[WhiteRating "1180"]
[BlackRating "1785"]
[WhiteElo "1180"]
[BlackElo "1785"]
[Result "0-1"]
[GameId "6688454"]

1. h4 e5 2. b4 d5 3. Ng1f3 Nb8d7 4. g4 e4 5. Nf3d4 Bf8xb4 6. c3 Bb4a5 7. Bf1g2 c5 8. Nd4f5 Qd8f6 9. O-O Nd7e5 10. Bc1a3 b6 11. h5 Ne5xg4 12. Nf5e3 Ng8h6 13. Ne3xd5 Qf6h4 14. Rf1e1 Qh4xf2 15. Kg1h1 Nh6f5 16. Re1f1 Nf5g3 0-1

[Event "Clan RHP Coorespondance"]
[Date "2009.08.26"]
[EndDate "2009.09.11"]
[Round "?"]
[White "Tomasino, James"]
[Black "shanedempsey"]
[WhiteRating "1785"]
[BlackRating "1321"]
[WhiteElo "1785"]
[BlackElo "1321"]
[Result "1-0"]
[GameId "6644213"]

1. e4 e6 2. d4 d5 3. Nb1c3 Ng8f6 4. e5 Nf6d7 5. Ng1f3 c5 6. Nc3b5 Qd8b6 7. a4 a6 8. a5 Qb6d8 9. Nb5d6 Bf8xd6 10. exd6 Nd7f6 11. dxc5 Nb8c6 12. c3 Nf6e4 13. Qd1c2 Ne4xc5 14. Bc1f4 O-O 15. b4 Nc5d7 16. Bf1e2 e5 17. Bf4e3 Qd8f6 18. O-O Qf6xd6 19. Ra1d1 Nd7f6 20. Be3c5 Qd6d8 21. c4 Bc8e6 22. cxd5 Be6xd5 23. Be2c4 Nc6e7 24. Bc5xe7 1-0

[Event "Clan RHP Coorespondance"]
[Date "2009.08.26"]
[EndDate "2009.09.23"]
[Round "?"]
[White "shanedempsey"]
[Black "Tomasino, James"]
[WhiteRating "1321"]
[BlackRating "1785"]
[WhiteElo "1321"]
[BlackElo "1785"]
[Result "0-1"]
[GameId "6644212"]

1. e4 c5 2. Ng1f3 Nb8c6 3. d4 d6 4. Bf1c4 Ng8f6 5. Nb1c3 cxd4 6. Nf3xd4 g6 7. Nd4xc6 bxc6 8. O-O e5 9. f4 Qd8b6 10. Kg1h1 Qb6d4 11. Qd1xd4 exd4 12. Nc3e2 Nf6xe4 13. Ne2xd4 d5 14. Bc4d3 Bc8d7 15. f5 Bf8c5 16. c3 O-O 17. fxg6 hxg6 18. Bc1f4 a5 19. Nd4f3 Bc5b6 20. Nf3e5 Bd7e6 21. Ne5xc6 Ne4c5 22. Bd3c2 a4 23. Ra1d1 Rf8e8 24. Nc6e5 a3 25. b3 Nc5e4 26. Bc2xe4 dxe4 27. Rd1d6 Bb6a5 28. c4 e3 29. Ne5d7 Be6xd7 30. Rd6xd7 e2 0-1

[Event "RHP Coorespondance"]
[Date "2009.08.12"]
[EndDate "2009.09.08"]
[Round "?"]
[White "ToniK"]
[Black "Tomasino, James"]
[WhiteRating "1180"]
[BlackRating "1785"]
[WhiteElo "1180"]
[BlackElo "1785"]
[Result "0-1"]
[GameId "6603380"]

1. h4 e5 2. b3 Nb8c6 3. a4 d5 4. h5 Ng8f6 5. g3 Bc8g4 6. f3 Bg4xh5 7. c3 d4 8. g4 Bh5g6 9. cxd4 Qd8xd4 10. Nb1c3 Bf8c5 11. e3 Qd4d6 12. Nc3e4 Nf6xe4 13. fxe4 Bg6xe4 14. Rh1h3 Nc6b4 15. g5 Nb4c2 16. Ke1e2 Qd6d3 17. Ke2f2 Qd3xb3 18. Ra1b1 Qb3xb1 19. Qd1g4 Qb1xc1 20. Qg4xe4 Qc1xd2 21. Ng1e2 O-O-O 22. Qe4xe5 Rd8d5 23. Qe5xg7 Rd5f5 24. Rh3f3 Bc5xe3 25. Kf2g3 Rf5xg5 26. Qg7xg5 Be3xg5 27. Bf1h3 Kc8d8 28. Kg3g2 Qd2xe2 29. Rf3f2 Qe2e4 30. Kg2h2 Bg5f4 31. Kh2g1 Rh8g8 32. Bh3g2 Qe4e1 33. Rf2f1 Bf4e3 34. Kg1h2 Qe1h4 35. Bg2h3 Rg8g3 36. Kh2h1 Qh4xh3 0-1

[Event "Clan RHP Coorespondance"]
[Date "2009.08.07"]
[EndDate "2009.09.16"]
[Round "?"]
[White "Tomasino, James"]
[Black "Queen Gamble"]
[WhiteRating "1785"]
[BlackRating "1623"]
[WhiteElo "1785"]
[BlackElo "1623"]
[Result "1-0"]
[GameId "6584334"]

1. e4 c5 2. Ng1f3 d6 3. d4 cxd4 4. Nf3xd4 a6 5. Nb1c3 e5 6. Nd4f3 Bc8g4 7. Bf1c4 Ng8f6 8. Nc3d5 Nf6xe4 9. O-O b5 10. Bc4e2 Ra8a7 11. Nf3xe5 dxe5 12. Be2xg4 Bf8c5 13. Qd1d3 Ne4xf2 14. Rf1xf2 Bc5xf2 15. Kg1xf2 Qd8h4 16. Qd3g3 Qh4xg3 17. Kf2xg3 O-O 18. Bc1e3 Ra7b7 19. Be3c5 Rf8e8 20. Bg4f5 Nb8d7 21. Bc5e3 Nd7f6 22. Nd5xf6 gxf6 23. Ra1d1 Kg8g7 24. Rd1d6 a5 25. Be3b6 a4 26. Bb6d8 e4 27. Bd8xf6 Kg7g8 28. Bf5xe4 Rb7c7 29. Be4c6 h5 1-0

[Event "Clan RHP Coorespondance"]
[Date "2009.08.07"]
[EndDate "2009.09.16"]
[Round "?"]
[White "Queen Gamble"]
[Black "Tomasino, James"]
[WhiteRating "1623"]
[BlackRating "1785"]
[WhiteElo "1623"]
[BlackElo "1785"]
[Result "0-1"]
[GameId "6584333"]

1. e4 c5 2. d3 Nb8c6 3. Ng1f3 d6 4. g3 Ng8f6 5. Bf1g2 Nc6d4 6. Bc1e3 Bc8g4 7. c3 Bg4xf3 8. Bg2xf3 Nd4xf3 9. Qd1xf3 g6 10. O-O Bf8g7 11. Rf1d1 O-O 12. d4 Qd8b6 13. b3 cxd4 14. Be3xd4 Qb6c6 15. Qf3e3 e5 16. Bd4xa7 Nf6d7 17. a4 Qc6a6 18. Ba7d4 exd4 19. cxd4 Ra8e8 20. Nb1c3 f5 21. Rd1e1 fxe4 22. Nc3xe4 d5 23. Qe3g5 dxe4 24. Qg5d5 Qa6e6 25. Qd5xb7 Bg7xd4 0-1

[Event "NJPP-Duel I"]
[Date "2009.04.23"]
[EndDate "2009.11.19"]
[Round "3"]
[White "Spotto, Daniel"]
[Black "Tomasino, James"]
[WhiteRating "1607"]
[BlackRating "1785"]
[WhiteElo "1607"]
[BlackElo "1785"]
[Result "0-1"]
[GameId "6249381"]

1. c4 Ng8f6 2. Nb1c3 g6 3. e4 d6 4. d4 c5 5. d5 Bf8g7 6. f4 Nb8d7 7. Ng1f3 Qd8c7 8. Bf1d3 a6 9. f5 gxf5 10. exf5 b5 11. O-O Nf6g4 12. Qd1e2 Nd7e5 13. h3 Ne5xf3 14. Qe2xf3 Ng4e5 15. Qf3e2 h5 16. b3 f6 17. Bc1e3 Bg7h6 18. Qe2xh5 Ne5f7 19. Qh5e2 Bh6xe3 20. Qe2xe3 Bc8d7 21. Rf1e1 Nf7e5 22. Qe3g3 Qc7a5 23. Nc3e2 bxc4 24. bxc4 O-O-O 25. Ne2f4 Qa5c3 26. Ra1c1 Qc3d4 27. Qg3e3 Rd8g8 28. Qe3xd4 cxd4 29. Nf4g6 Ne5xd3 30. Ng6xe7 Kc8c7 31. Ne7xg8 Nd3xc1 32. Ng8xf6 Nc1d3 33. Re1e7 Nd3c5 34. Kg1h2 d3 35. Nf6xd7 Nc5xd7 36. Re7e1 Nd7e5 37. Re1d1 Rh8h4 38. Kh2g3 Rh4xc4 39. Kg3f2 Rc4c2 40. Kf2e3 Rc2xg2 41. f6 Rg2g3 0-1

[Event "NJPP-Duel I"]
[Date "2009.04.23"]
[EndDate "2009.06.19"]
[Round "3"]
[White "Tomasino, James"]
[Black "Spotto, Daniel"]
[WhiteRating "1785"]
[BlackRating "1607"]
[WhiteElo "1785"]
[BlackElo "1607"]
[Result "1-0"]
[GameId "6249379"]

1. e4 c6 2. d4 d5 3. Nb1d2 dxe4 4. Nd2xe4 Nb8d7 5. Ne4g5 Nd7b6 6. Bf1d3 Qd8xd4 7. Ng5xf7 Ke8xf7 8. Bd3g6 hxg6 9. Qd1xd4 Bc8f5 10. Ng1f3 Rh8h6 11. Nf3e5 Kf7e8 12. Bc1xh6 Ng8xh6 13. O-O-O Ra8d8 14. Qd4xd8 1-0

[Event "NJPP-Duel I"]
[Date "2009.04.23"]
[EndDate "2009.09.05"]
[Round "3"]
[White "Tomasino, James"]
[Black "ch716"]
[WhiteRating "1785"]
[BlackRating "1526"]
[WhiteElo "1785"]
[BlackElo "1526"]
[Result "1-0"]
[GameId "6249378"]

1. e4 c5 2. Ng1f3 d6 3. d4 cxd4 4. Nf3xd4 Ng8f6 5. Nb1c3 a6 6. f4 e5 7. Nd4b3 Nb8d7 8. Bf1e2 b5 9. fxe5 dxe5 10. Nc3d5 Bf8e7 11. a4 b4 12. Bc1g5 Nf6xd5 13. Qd1xd5 Nd7b6 14. Qd5xe5 f6 15. Be2h5 g6 16. Bh5xg6 hxg6 17. Bg5xf6 Rh8h5 18. Qe5g3 Ke8f7 19. O-O Be7xf6 20. e5 Rh5g5 21. Qg3h4 Rg5xe5 22. Qh4h7 Kf7e6 23. Ra1d1 Nb6d5 24. Nb3d4 Ke6d6 25. Qh7f7 Qd8e8 26. Rf1xf6 Nd5xf6 27. Nd4b5 Kd6c6 28. Qf7c7 1-0

[Event "NJPP-Duel I"]
[Date "2009.04.23"]
[EndDate "2009.09.27"]
[Round "3"]
[White "ch716"]
[Black "Tomasino, James"]
[WhiteRating "1526"]
[BlackRating "1785"]
[WhiteElo "1526"]
[BlackElo "1785"]
[Result "0-1"]
[GameId "6249376"]

1. e4 e5 2. Ng1f3 Nb8c6 3. Bf1b5 Bf8c5 4. c3 Ng8f6 5. d4 exd4 6. e5 Nf6d5 7. Bb5xc6 dxc6 8. cxd4 Bc5b6 9. Nb1c3 Bc8g4 10. O-O O-O 11. h3 Bg4e6 12. Nf3g5 Be6f5 13. Ng5e4 Nd5xc3 14. Ne4xc3 Bb6xd4 15. Bc1f4 Rf8e8 16. Rf1e1 Qd8d7 17. Qd1d2 c5 18. Ra1d1 f6 19. exf6 Re8xe1 20. Rd1xe1 Bd4xf6 21. Qd2xd7 Bf5xd7 22. Bf4xc7 Ra8e8 23. Re1xe8 Bd7xe8 24. Nc3d1 b5 25. b3 Be8g6 26. Nd1e3 Bg6b1 27. a3 Bf6b2 28. a4 c4 29. bxc4 bxa4 30. Ne3d1 Bb2d4 31. Bc7d6 Bb1d3 32. c5 a3 33. c6 a2 34. c7 Bd3a6 35. c8=Q Ba6xc8 36. Nd1e3 a1=Q 37. Kg1h2 Bd4e5 0-1

[Event "Clan RHP Coorespondance"]
[Date "2009.04.19"]
[EndDate "2009.05.18"]
[Round "?"]
[White "Tomasino, James"]
[Black "Lizard King"]
[WhiteRating "1785"]
[BlackRating "1341"]
[WhiteElo "1785"]
[BlackElo "1341"]
[Result "1-0"]
[GameId "6233425"]

1. e4 c5 2. Ng1f3 Nb8c6 3. d4 cxd4 4. Nf3xd4 Ng8f6 5. Nb1c3 d6 6. Bf1e2 e5 7. Nd4xc6 bxc6 8. O-O Bf8e7 9. Qd1d3 Qd8c7 10. b3 Bc8b7 11. Qd3g3 g6 12. Bc1h6 O-O-O 13. Ra1d1 Rh8e8 14. Bh6e3 a6 15. Be3a7 c5 16. Nc3a4 Qc7c6 17. Na4b6 Kc8c7 18. Nb6d5 Nf6xd5 19. exd5 Qc6d7 20. b4 Rd8a8 21. Ba7xc5 dxc5 22. d6 Be7xd6 23. bxc5 Re8e6 24. Be2c4 Re6f6 25. Qg3b3 Ra8b8 26. Qb3b6 Kc7c8 27. cxd6 h5 28. Rd1d3 e4 29. Bc4e6 Qd7xe6 30. Rd3c3 Kc8d7 31. Qb6c7 Kd7e8 32. Qc7xb8 Ke8d7 33. Qb8xb7 1-0

[Event "Clan RHP Coorespondance"]
[Date "2009.04.19"]
[EndDate "2009.05.16"]
[Round "?"]
[White "Lizard King"]
[Black "Tomasino, James"]
[WhiteRating "1341"]
[BlackRating "1785"]
[WhiteElo "1341"]
[BlackElo "1785"]
[Result "0-1"]
[GameId "6233424"]

1. c4 Ng8f6 2. Nb1c3 e6 3. Ng1f3 b6 4. g3 Bc8b7 5. Bf1g2 Bf8b4 6. Qd1c2 Nb8c6 7. O-O O-O 8. d3 d5 9. cxd5 exd5 10. e3 d4 11. Nc3b5 dxe3 12. fxe3 a6 13. Nb5d4 Nc6xd4 14. Nf3xd4 Bb7xg2 15. Kg1xg2 Qd8d5 16. Kg2g1 Nf6g4 17. a3 Bb4c5 18. Qc2c3 Rf8e8 19. Nd4f5 Re8e5 20. d4 Re5xf5 21. Rf1xf5 Qd5xf5 22. dxc5 Qf5f2 0-1

[Event "RHP Coorespondance"]
[Date "2009.04.09"]
[EndDate "2009.05.17"]
[Round "?"]
[White "Tomasino, James"]
[Black "Lemieux, Christopher"]
[WhiteRating "1785"]
[BlackRating "1530"]
[WhiteElo "1785"]
[BlackElo "1530"]
[Result "1-0"]
[GameId "6199219"]

1. e4 c5 2. Ng1f3 d6 3. d4 cxd4 4. Nf3xd4 Ng8f6 5. Nb1c3 Qd8b6 6. Bf1b5 Bc8d7 7. a4 a6 8. a5 Qb6c5 9. Bb5a4 Bd7xa4 10. Nc3xa4 Qc5xa5 11. Bc1d2 Qa5e5 12. Bd2e3 Nb8d7 13. O-O Nf6xe4 14. Rf1e1 b5 15. Nd4f3 Qe5h5 16. Na4b6 Nd7xb6 17. Be3xb6 d5 18. b3 e6 19. Nf3d4 Qh5xd1 20. Re1xd1 Bf8c5 21. Bb6xc5 Ne4xc5 22. Nd4xb5 O-O 23. Nb5d4 Rf8c8 24. f4 h5 25. g3 g6 26. Nd4f3 a5 27. Ra1a2 a4 28. Rd1a1 a3 29. Ra2xa3 Ra8xa3 30. Ra1xa3 Rc8b8 31. Nf3d4 Kg8g7 32. Ra3a7 Nc5b7 33. Nd4c6 Rb8c8 34. Nc6e5 Nb7d6 35. c4 Kg7h6 36. Ra7d7 f6 37. g4 fxe5 38. g5 1-0

[Event "Clan RHP Coorespondance"]
[Date "2009.04.03"]
[EndDate "2009.05.28"]
[Round "?"]
[White "pl"]
[Black "Tomasino, James"]
[WhiteRating "1340"]
[BlackRating "1785"]
[WhiteElo "1340"]
[BlackElo "1785"]
[Result "0-1"]
[GameId "6180916"]

1. d4 Ng8f6 2. e3 g6 3. Ng1f3 d6 4. c4 Bf8g7 5. Nb1c3 Nb8d7 6. Bf1d3 c5 7. d5 O-O 8. Nc3b5 a6 9. Nb5a3 b5 10. e4 b4 11. Na3c2 Nd7e5 12. Nf3xe5 dxe5 13. Bc1g5 Bc8b7 14. b3 h6 15. Bg5xf6 Bg7xf6 16. Qd1f3 Kg8g7 17. h4 h5 18. g4 e6 19. gxh5 Bf6xh4 20. Qf3g4 Bh4f6 21. hxg6 fxg6 22. Rh1g1 g5 23. Qg4xe6 Rf8e8 24. Qe6f5 Bb7c8 25. Qf5f3 a5 26. Rg1h1 a4 27. Ke1d2 axb3 28. axb3 Ra8xa1 29. Rh1xa1 g4 30. Qf3g3 Bf6h4 31. Qg3g2 Qd8g5 32. Kd2e2 g3 33. f3 Qg5f4 34. Ra1a7 Kg7f6 35. Ra7c7 Bh4g5 36. Nc2e1 Re8h8 37. Ke2f1 Bc8h3 38. Rc7c6 Kf6e7 39. Kf1g1 Qf4e3 40. Kg1f1 Bh3xg2 41. Kf1xg2 Qe3f2 0-1

[Event "Clan RHP Coorespondance"]
[Date "2009.04.03"]
[EndDate "2009.06.02"]
[Round "?"]
[White "Tomasino, James"]
[Black "pl"]
[WhiteRating "1785"]
[BlackRating "1340"]
[WhiteElo "1785"]
[BlackElo "1340"]
[Result "1-0"]
[GameId "6180915"]

1. e4 e5 2. Ng1f3 d6 3. d4 Ng8f6 4. dxe5 Nf6xe4 5. Qd1d4 d5 6. Bf1d3 Bf8c5 7. Qd4a4 Bc8d7 8. Qa4b3 Bc5xf2 9. Ke1e2 Bf2b6 10. Qb3xd5 Bd7c6 11. Qd5xd8 Ke8xd8 12. Rh1d1 Nb8d7 13. Bc1g5 f6 14. exf6 Ne4xf6 15. Bd3f5 Rh8e8 16. Ke2f1 Kd8e7 17. Bf5xh7 Ke7f7 18. Bh7d3 Bc6xf3 19. gxf3 Re8e3 20. Bg5xe3 Bb6xe3 21. Nb1c3 Ra8e8 22. Bd3c4 Kf7f8 23. Rd1e1 Be3d2 24. Re1xe8 Kf8xe8 25. Nc3b5 c6 26. Nb5d6 Ke8d8 27. Nd6xb7 Kd8c7 28. Ra1d1 Bd2e3 29. Nb7a5 Nd7e5 30. Kf1e2 Be3b6 31. f4 Ne5xc4 32. Na5xc4 Nf6g4 33. Nc4xb6 axb6 34. Rd1g1 Ng4xh2 35. Rg1xg7 Kc7d6 36. Rg7g2 1-0

[Event "RHP Coorespondance"]
[Date "2009.03.25"]
[EndDate "2009.04.01"]
[Round "?"]
[White "Tomasino, James"]
[Black "Lemieux, Christopher"]
[WhiteRating "1785"]
[BlackRating "1530"]
[WhiteElo "1785"]
[BlackElo "1530"]
[Result "1-0"]
[GameId "6150578"]

1. e4 e5 2. f4 exf4 3. Ng1f3 h6 4. d4 g5 5. Bf1c4 d6 6. d5 Bf8g7 7. O-O Ng8f6 8. e5 Nf6g4 9. e6 fxe6 10. dxe6 c6 11. Rf1e1 Qd8b6 12. Bc1e3 Ng4xe3 13. Re1xe3 Qb6xe3 14. Kg1h1 Bg7xb2 15. Qd1xd6 Rh8h7 16. Nb1d2 Bb2xa1 17. Bc4d3 Rh7g7 18. Nd2c4 Qe3c1 19. Nf3g1 Qc1e1 20. Bd3e2 Rg7e7 21. Be2h5 Ke8f8 22. Qd6d8 Kf8g7 23. Qd8xe7 Kg7h8 24. Qe7f8 Kh8h7 25. Bh5g6 Kh7xg6 26. Qf8f7 1-0

[Event "RHP Coorespondance"]
[Date "2009.03.10"]
[EndDate "2009.03.25"]
[Round "?"]
[White "Tomasino, James"]
[Black "Lemieux, Christopher"]
[WhiteRating "1785"]
[BlackRating "1530"]
[WhiteElo "1785"]
[BlackElo "1530"]
[Result "1-0"]
[GameId "6096228"]

1. e4 e5 2. f4 exf4 3. Ng1f3 g5 4. h4 g4 5. Nf3e5 d6 6. Ne5xg4 Ng8f6 7. Ng4f2 d5 8. e5 Nf6e4 9. Nf2xe4 dxe4 10. Bf1c4 Nb8c6 11. Qd1h5 Qd8e7 12. Nb1c3 Bc8e6 13. d3 Nc6d4 14. O-O O-O-O 15. Bc1xf4 Rh8g8 16. Bf4g5 f6 17. Bg5xf6 Qe7f7 18. Qh5xf7 Be6xf7 19. Bc4xf7 Bf8c5 20. Bf6xd8 Rg8xd8 21. Nc3xe4 Nd4e2 22. Kg1h1 Bc5e7 23. Bf7e6 Kc8b8 24. g3 Ne2d4 25. Rf1f7 Nd4c6 26. a3 Rd8f8 27. Rf7xf8 Be7xf8 28. Ra1f1 Bf8e7 29. Rf1f7 a6 30. Rf7xh7 Kb8a7 31. b4 Be7f8 32. Rh7xc7 Nc6xe5 33. Be6d5 Ne5f3 34. Rc7xb7 Ka7a8 35. Rb7f7 Ka8b8 36. Rf7xf8 Kb8a7 37. Rf8xf3 a5 38. b5 a4 39. Rf3f6 Ka7b8 40. b6 Kb8c8 41. Rf6d6 Kc8b8 42. Rd6d8 1-0

[Event "RHP Coorespondance"]
[Date "2009.03.01"]
[EndDate "2009.03.05"]
[Round "?"]
[White "Tomasino, James"]
[Black "Lemieux, Christopher"]
[WhiteRating "1785"]
[BlackRating "1530"]
[WhiteElo "1785"]
[BlackElo "1530"]
[Result "1-0"]
[GameId "6064447"]

1. e4 c5 2. Nb1c3 d6 3. f4 e6 4. d3 Ng8f6 5. g4 e5 6. f5 b6 7. g5 Nf6d7 8. Nc3d5 Bc8b7 9. Qd1h5 Bb7xd5 10. exd5 g6 11. fxg6 fxg6 12. Qh5g4 Nb8a6 13. Qg4e6 Qd8e7 14. Bf1g2 Na6c7 15. Qe6g4 O-O-O 16. Bg2e4 Qe7f7 17. c4 Bf8e7 18. Ng1f3 b5 19. O-O Rh8f8 20. b3 a5 21. cxb5 Nc7xb5 22. Bc1d2 Kc8b7 23. Bd2xa5 Nd7b6 24. b4 Rd8c8 25. Ra1c1 Nb5d4 26. Nf3xd4 Qf7g8 27. Nd4c6 Rc8c7 28. Nc6xe7 Rc7xe7 29. bxc5 Nb6xd5 30. Be4xd5 Qg8xd5 31. Rf1xf8 dxc5 32. Qg4c8 Kb7a7 33. Qc8b8 Ka7a6 34. Qb8b6 1-0

[Event "NJPP-Duel I"]
[Date "2009.02.26"]
[EndDate "2009.03.11"]
[Round "2"]
[White "Tomasino, James"]
[Black "pint o guinness"]
[WhiteRating "1785"]
[BlackRating "1446"]
[WhiteElo "1785"]
[BlackElo "1446"]
[Result "1-0"]
[GameId "6050703"]

1. e4 e6 2. Ng1f3 d5 3. Nb1c3 Nb8c6 4. g3 dxe4 5. Nc3xe4 Ng8f6 6. Ne4c3 g6 7. b3 Bf8g7 8. Bc1b2 O-O 9. Bf1c4 e5 10. d3 Bc8e6 11. Bc4xe6 fxe6 12. Nf3g5 Nf6d5 13. Ng5xe6 Nd5xc3 14. Bb2xc3 Qd8e7 15. Ne6xf8 Ra8xf8 16. O-O Nc6d4 17. Bc3xd4 exd4 18. Rf1e1 Qe7d6 19. a4 Qd6d5 20. Qd1g4 c5 21. a5 a6 22. Re1e2 Bg7e5 23. Ra1e1 Rf8e8 24. f4 h5 25. Qg4xg6 Kg8f8 26. Re2xe5 Re8xe5 27. Re1xe5 Qd5xe5 28. fxe5 1-0

[Event "NJPP-Duel I"]
[Date "2009.02.26"]
[EndDate "2009.03.15"]
[Round "2"]
[White "pint o guinness"]
[Black "Tomasino, James"]
[WhiteRating "1446"]
[BlackRating "1785"]
[WhiteElo "1446"]
[BlackElo "1785"]
[Result "0-1"]
[GameId "6050702"]

1. e4 c5 2. Ng1f3 d6 3. Bf1b5 Bc8d7 4. Bb5xd7 Qd8xd7 5. O-O Nb8c6 6. Nb1c3 f5 7. d3 Ng8f6 8. Bc1g5 O-O-O 9. a3 b6 10. Bg5xf6 gxf6 11. Nc3d5 e6 12. Nd5xf6 Qd7f7 13. e5 dxe5 14. Nf3xe5 Nc6xe5 15. f4 Ne5xd3 16. cxd3 Qf7xf6 17. Qd1f3 Qf6d4 18. Qf3f2 Qd4xf2 19. Rf1xf2 Bf8g7 20. Kg1f1 Rd8xd3 21. Ra1e1 Rh8e8 22. g3 Bg7xb2 23. Rf2xb2 Rd3xa3 24. Rb2d2 Ra3f3 25. Kf1g2 Rf3b3 26. Kg2h3 c4 27. Rd2c2 b5 28. Kh3h4 a5 29. Kh4g5 c3 30. Kg5f6 Re8d8 31. Rc2e2 Rd8d2 32. Re2xe6 c2 33. Re6c6 Kc8d7 34. Re1e6 Rb3b2 35. Kf6xf5 Rb2b1 36. Rc6a6 c1=Q 37. Ra6a7 Qc1c7 38. Ra7xc7 Kd7xc7 39. Re6a6 a4 40. Ra6a7 Kc7b6 41. Ra7xh7 a3 42. Rh7h6 Kb6a5 43. Kf5g4 a2 44. f5 a1=Q 45. h4 Qa1d4 46. Kg4g5 Rb1g1 0-1

[Event "RHP Coorespondance"]
[Date "2009.02.25"]
[EndDate "2009.03.01"]
[Round "?"]
[White "Tomasino, James"]
[Black "Lemieux, Christopher"]
[WhiteRating "1785"]
[BlackRating "1530"]
[WhiteElo "1785"]
[BlackElo "1530"]
[Result "1-0"]
[GameId "6047073"]

1. e4 c5 2. Ng1f3 d6 3. g3 Ng8f6 4. d3 Nb8c6 5. Bf1g2 Bc8d7 6. O-O Qd8c7 7. Nb1d2 g6 8. b3 b6 9. Bc1b2 Bf8g7 10. Rf1e1 Bd7e6 11. e5 Nc6xe5 12. Nf3xe5 Nf6d5 13. c4 Bg7xe5 14. Bb2xe5 dxe5 15. cxd5 Be6f5 16. Nd2c4 Ra8d8 17. Nc4xe5 O-O 18. Ne5c6 Rd8d7 19. d4 e6 20. d6 Rd7xd6 21. Ra1c1 cxd4 22. Nc6xd4 Qc7d7 23. Bg2c6 Qd7e7 24. Rc1c4 Rf8d8 25. Qd1a1 Bf5d3 26. Rc4a4 Qe7f6 27. Bc6b5 Bd3xb5 28. Nd4xb5 Qf6xa1 29. Re1xa1 f5 30. Nb5xd6 Rd8xd6 31. Ra4xa7 Rd6d8 32. Ra1c1 e5 33. Ra7c7 Rd8f8 34. Rc7c8 Rf8xc8 35. Rc1xc8 Kg8g7 36. Rc8b8 Kg7h6 37. Rb8xb6 Kh6h5 38. a4 e4 39. a5 Kh5g4 40. a6 Kg4h3 41. a7 h5 42. Rb6xg6 f4 43. gxf4 h4 44. a8=Q e3 45. Qa8c8 1-0

[Event "RHP Coorespondance"]
[Date "2009.02.24"]
[EndDate "2009.03.10"]
[Round "?"]
[White "Hamp, David"]
[Black "Tomasino, James"]
[WhiteRating "1129"]
[BlackRating "1785"]
[WhiteElo "1129"]
[BlackElo "1785"]
[Result "0-1"]
[GameId "6042890"]

1. f4 Ng8f6 2. e3 e6 3. Bf1d3 b6 4. Qd1f3 d5 5. Ng1e2 Bc8b7 6. Nb1c3 Nb8d7 7. e4 d4 8. Ne2xd4 e5 9. Nd4f5 g6 10. Nc3d5 gxf5 11. Nd5xf6 Qd8xf6 12. c3 O-O-O 13. b3 Rh8g8 14. g3 exf4 15. gxf4 Nd7c5 16. Ke1d1 Rd8xd3 17. Qf3e2 Bb7xe4 18. Rh1e1 Be4f3 19. Bc1a3 Bf3xe2 20. Re1xe2 Bf8h6 21. Kd1c2 Rg8d8 22. Ba3b2 Bh6xf4 23. Ra1d1 Qf6h4 24. a4 Qh4h5 25. Re2e1 Rd3xd2 26. Rd1xd2 Rd8xd2 27. Kc2b1 Rd2d1 28. Re1xd1 Qh5xd1 29. Kb1a2 Qd1c2 0-1

[Event "RHP Coorespondance"]
[Date "2009.02.16"]
[EndDate "2009.02.24"]
[Round "?"]
[White "Lemieux, Christopher"]
[Black "Tomasino, James"]
[WhiteRating "1530"]
[BlackRating "1785"]
[WhiteElo "1530"]
[BlackElo "1785"]
[Result "0-1"]
[GameId "6013466"]

1. Ng1f3 Ng8f6 2. d3 e6 3. Nb1d2 b6 4. e4 Bc8b7 5. g3 c5 6. Bf1g2 d5 7. O-O dxe4 8. dxe4 Nf6xe4 9. Nd2c4 Nb8d7 10. Nf3e5 Nd7xe5 11. Nc4xe5 Bf8d6 12. Ne5c4 Bd6c7 13. Bc1f4 Bc7xf4 14. Qd1xd8 Ra8xd8 15. gxf4 Bb7d5 16. Nc4e5 O-O 17. Rf1e1 Ne4f6 18. Ra1d1 Nf6h5 19. Bg2xd5 exd5 20. Ne5c6 Rd8d6 21. Nc6e7 Kg8h8 22. Ne7xd5 Rd6g6 23. Kg1f1 Nh5f6 24. Nd5e7 Rg6g4 25. Ne7d5 Nf6xd5 26. Rd1xd5 Rg4xf4 27. Rd5e5 g6 28. Re5e7 a5 29. Re1e2 Kh8g7 30. Re2e6 b5 31. Kf1e2 c4 32. b3 cxb3 33. cxb3 Rf4h4 34. Re6a6 Rh4xh2 35. Ra6xa5 Rf8c8 36. Ra5a7 Rc8c2 37. Ke2d3 Rh2xf2 38. Re7c7 Rc2b2 39. Kd3c3 h5 40. Kc3b4 h4 41. Kb4c5 h3 42. Kc5b6 Rb2b1 43. Rc7c3 h2 44. Rc3h3 h1=Q 45. Rh3xh1 Rb1xh1 46. Kb6a5 Rf2xa2 47. Ka5b6 Ra2xa7 48. Kb6xa7 Rh1b1 49. Ka7b6 Rb1xb3 50. Kb6c5 Rb3e3 51. Kc5d4 Re3e6 52. Kd4d5 g5 53. Kd5c5 Re6e5 54. Kc5d6 f6 55. Kd6c6 g4 56. Kc6b6 g3 57. Kb6a5 g2 58. Ka5b4 g1=Q 59. Kb4a5 Qg1a7 60. Ka5b4 Qa7c5 61. Kb4a5 Qc5a3 62. Ka5b6 b4 63. Kb6c7 Qa3a5 64. Kc7d6 Qa5c5 65. Kd6d7 Re5e7 66. Kd7d8 Qc5c7 0-1

[Event "RHP Coorespondance"]
[Date "2009.02.05"]
[EndDate "2009.02.14"]
[Round "?"]
[White "Lemieux, Christopher"]
[Black "Tomasino, James"]
[WhiteRating "1530"]
[BlackRating "1785"]
[WhiteElo "1530"]
[BlackElo "1785"]
[Result "0-1"]
[GameId "5972012"]

1. e4 c5 2. d3 Nb8c6 3. Nb1d2 Ng8f6 4. Ng1f3 d6 5. g3 Bc8g4 6. Bf1g2 Nc6d4 7. O-O g6 8. c3 Nd4xf3 9. Nd2xf3 Bf8g7 10. h3 Bg4xf3 11. Qd1xf3 e5 12. h4 O-O 13. Bg2h3 b5 14. Bc1g5 c4 15. Ra1d1 Ra8b8 16. Bg5xf6 Bg7xf6 17. d4 Rb8b6 18. d5 b4 19. Qf3e3 Kg8g7 20. Rd1c1 b3 21. Rc1a1 a5 22. Qe3e2 a4 23. Qe2xc4 Qd8a8 24. a3 Rb6a6 25. Ra1c1 Ra6a5 26. Qc4d3 Ra5c5 27. c4 h5 28. Qd3d2 Qa8a6 29. Qd2b4 g5 30. hxg5 Bf6xg5 31. f4 exf4 32. gxf4 Bg5e7 33. Qb4c3 f6 34. e5 dxe5 35. fxe5 Qa6a7 36. e6 Rc5xc4 37. Rf1f2 Rc4xc3 38. Rc1xc3 Be7c5 39. Rc3g3 Kg7h8 40. Rg3g2 Bc5xf2 41. Rg2xf2 Rf8g8 42. Bh3g2 h4 43. d6 Qa7b6 44. d7 Qb6xe6 45. d8=Q Rg8xd8 46. Bg2f1 Qe6e1 47. Rf2xf6 Qe1g3 48. Bf1g2 Rd8d2 49. Rf6h6 Kh8g7 50. Rh6e6 Qg3xg2 0-1